00686nam a2200181Ia 4500008004100000040001800041041000800059110003000067245010200097260005200199300001800251504002800269650002100297650002100318650006800339650002500407710007200432130821s1999 ck gr spa  aCo-BoUCMbspa00aspa2 aArquidiocesis de Bogotá00aDesplazados huellas de nunca borrar casos Bogotá y SoachacArquidiocesis de Bogotá . CODHES. aBogotá (Cundinamarca, Colombia)bCODHESc1999 a174 páginas aIncluye bibliografía.04aConflicto armado04aDerechos humanos04aDesplazados por la violenciaxAspectos psicológicoszColombia04aViolencia política2 aConsultoría para los Derechos Humanos y el Desplazamiento. CODHES